Bhashabigyanar parichay (Major8)/ (Record no. 12123)

MARC details
000 -LEADER
fixed length control field 00559nam a22002057a 4500
005 - DATE AND TIME OF LATEST TRANSACTION
control field 20250304055826.0
008 - FIXED-LENGTH DATA ELEMENTS--GENERAL INFORMATION
fixed length control field 250304b |||||||| |||| 00| 0 eng d
020 ## - INTERNATIONAL STANDARD BOOK NUMBER
International Standard Book Number 9789358495386
040 ## - CATALOGING SOURCE
Original cataloging agency IN-DiNC
Transcribing agency IN-DiNC
041 ## - LANGUAGE CODE
Language code of sung or spoken text Assamese
082 ## - DEWEY DECIMAL CLASSIFICATION NUMBER
Classification number 410
Item number BHA
245 ## - TITLE STATEMENT
Title Bhashabigyanar parichay (Major8)/
Statement of responsibility, etc. ed. Karabi Gogoi and Dipali Gogoi
250 ## - EDITION STATEMENT
Edition statement 1st ed.
260 ## - PUBLICATION, DISTRIBUTION, ETC.
Place of publication, distribution, etc. Dibrugarh:
Name of publisher, distributor, etc. Banalata,
Date of publication, distribution, etc. 2024.
300 ## - PHYSICAL DESCRIPTION
Extent 124p.
650 ## - SUBJECT ADDED ENTRY--TOPICAL TERM
Topical term or geographic name entry element Linguistics (Major8)/
700 ## - ADDED ENTRY--PERSONAL NAME
Personal name Gogoi, Karabi
Relator term Editor
700 ## - ADDED ENTRY--PERSONAL NAME
Personal name Gogoi, Dipali
Relator term Editor
942 ## - ADDED ENTRY ELEMENTS (KOHA)
Source of classification or shelving scheme Dewey Decimal Classification
Koha item type Books
Holdings
Withdrawn status Lost status Source of classification or shelving scheme Damaged status Not for loan Collection code Home library Current library Shelving location Date acquired Cost, normal purchase price Total Checkouts Full call number Barcode Date last seen Date last checked out Copy number Price effective from Koha item type Date due
    Dewey Decimal Classification     Assamese Central Library, Naharkatiya College Central Library, Naharkatiya College General Stacks 04/03/2025 130.00 6 410 BHA 30565 23/04/2026 23/03/2026 1 04/03/2025 Books  
    Dewey Decimal Classification     Assamese Central Library, Naharkatiya College Central Library, Naharkatiya College General Stacks 04/03/2025 130.00 7 410 BHA 30566 26/03/2026 09/03/2026 2 04/03/2025 Books  
    Dewey Decimal Classification     Assamese Central Library, Naharkatiya College Central Library, Naharkatiya College General Stacks 04/03/2025 130.00 7 410 BHA 30567 06/04/2026 06/04/2026 3 04/03/2025 Books 29/04/2026

Naharkatiya College © 2020. All rights reserved.

Powered By